| 000 | 00887nam a2200277 i 4500 | ||
|---|---|---|---|
| 001 | 11972 | ||
| 003 | ES-MaACL | ||
| 005 | 20230906150219.0 | ||
| 008 | 921215s1992 sp |||| | spa j | ||
| 020 | _a84-206-2727-5 | ||
| 080 | _a321.61(4)"16/17" | ||
| 080 | _a940.25 | ||
| 100 | 1 |
_aDuchhardt, Heinz. _945833 |
|
| 245 | 1 | 3 |
_aLa época del absolutismo / _cHeinz Duchhardt ; versión española de José Luis Gil Aristu. |
| 260 |
_aMadrid : _bAlianza Editorial, _cD.L. 1992. |
||
| 300 |
_a395 p. ; _c20 cm. |
||
| 490 | 1 |
_aAlianza universidad ; _v727 |
|
| 500 | _aÍndices. | ||
| 504 | _aBibliografía: p. 321-373. | ||
| 650 | 1 | 4 |
_aAbsolutismo- _zEuropa- _vHistoria. _9169339 |
| 651 | 4 |
_aEuropa- _xHistoria- _y1648-1789. _98602 |
|
| 700 | 1 |
_aGil Aristu, José Luis. _956766 |
|
| 830 | 0 |
_aAlianza universidad ; _v727 _9177276 |
|
| 852 |
_aES-MaACL _jL-19240 |
||
| 999 |
_c11972 _d11972 |
||